00463nam a22001697a 450000500170000001000150001702000100003203500130004203700130005508200080006810000210007624500550009726000410015227000390019330000200023250000410025220100816124031.0 aENG-100578 c50.00 aEN-84111 bDBAD/PUB a270 aOmanakuttan,S L  aDe lannoy and udayagiri fort /cby S L Omanakuttan aNagercoilbNalini Publicationsc2007 aMelasoorankudy bNagercoile629004 a104pc21cm(pbk) aIncludes bibliographical references